000 00605nam a22001575i 4500
001 173454
003 ES-MaACL
005 20230906215238.0
008 091202s1889 sp |||| | spa d
245 0 0 _aSesión de clausura de la Academia Teórica-Práctica de la facultad de derecho el 30 de abril de 1889.
260 _aGranada :
_b[s.n.],
_c1889 (
_fImp. de José López Guevara)
300 _a78 p. ;
_c22 cm.
594 _aPrecede al tít.: Universidad de Granada.
710 2 _aAcademia Teórico-Práctica de la Facultad de Derecho (Universidad de Granada)
_9141698
852 _aES-MaACL
_jT-566-F-1
999 _c173454
_d173454